500 celadas y combinaciones en las aperturas / (Record no. 28521)
[ view plain ]
| 000 -LEADER | |
|---|---|
| campo de control de longitud fija | 00484nam a22001817a 4500 |
| 001 - NÚMERO DE CONTROL | |
| campo de control | 00028492 |
| 008 - DATOS DE LONGITUD FIJA--INFORMACIÓN GENERAL | |
| campo de control de longitud fija | 260307b ag ||||| |||| 00| 0 spa d |
| 040 ## - FUENTE DE CATALOGACIÓN | |
| Lengua de catalogación | Español; Castellano |
| Centro/agencia transcriptor | AR-CcCEOS |
| 080 ## - NÚMERO DE LA CLASIFICACIÓN DECIMAL UNIVERSAL | |
| Número de la Clasificación Decimal Universal | 299.513 |
| 090 ## - LOCALMENTE ASIGNADO TIPO-LC NÚMERO DE CLASIFICACIÓN (OCLC); NÚMERO DE CLASIFICACIÓN LOCAL (RLIN) | |
| Número cutter local (OCLC) ; Número de libro/Signatura topográfica íntegra, CALL (RLIN) | AGU |
| 100 1# - ENTRADA PRINCIPAL--NOMBRE DE PERSONA | |
| Nombre de persona | Aguilera, Ricardo |
| 9 (RLIN) | 807 |
| 245 ## - MENCIÓN DEL TÍTULO | |
| Título | 500 celadas y combinaciones en las aperturas / |
| Mención de responsabilidad, etc. | Ricardo Aguilera |
| 250 ## - MENCION DE EDICION | |
| Mención de edición | 1a ed. |
| 260 ## - PUBLICACIÓN, DISTRIBUCIÓN, ETC. | |
| Lugar de publicación, distribución, etc. | Madrid : |
| Nombre del editor, distribuidor, etc. | Castilla, |
| Fecha de publicación, distribución, etc. | c1972. |
| 300 ## - DESCRIPCIÓN FÍSICA | |
| Extensión | 499 p. ; |
| Dimensiones | 24x15 cm. |
| 942 ## - ELEMENTOS DE ENTRADA SECUNDARIOS (KOHA) | |
| Fuente de la clasificación o esquema de estantería | Clasificación decimal universal |
| Tipo de ítem Koha | Libros |
| 945 ## - | |
| -- | 66467 |
| -- | Melina Rolando |
| -- | 66467 |
| -- | Melina Rolando |
| Estatus retirado | Estado de pérdida | Fuente de la clasificación o esquema de estantería | Estado de daño | No para préstamo | Colección | Biblioteca de origen | Biblioteca actual | Fecha de adquisición | Número de inventario | Total de préstamos | Signatura topográfica completa | Código de barras | Visto por última vez | Precio de reemplazo | Tipo de ítem Koha |
|---|---|---|---|---|---|---|---|---|---|---|---|---|---|---|---|
| Clasificación decimal universal | SER | Biblioteca Julio Serebrinsky | Biblioteca Julio Serebrinsky | 07/03/2026 | 44031 | 299.513 | 44031 | 07/03/2026 | 07/03/2026 | Libros |